Dramatic personages /

Bibliographic Details
Main Author: Rougemont, Denis de, 1906-1985
Format: Book
Language:English
French
Published: New York : Holt, Rinehart and Winston, [1964]

MARC

Tag First Indicator Second Indicator Subfields
LEADER 00000cam a22000001 4500
001 in00000021788
005 20151007063732.0
008 720420s1964 nyu 00000 eng
010 |a  64021925  
035 |a (OCoLC)00343739 
035 |9 AAD8124AM 
040 |a DLC  |c DLC  |d TXA  |d UtOrBLW 
041 1 |a eng  |a fre 
049 |a TXAM  |c [413675] 
050 0 0 |a PQ2635.O924  |b P43 
082 0 |a 809 
092 |a 809  |b R855d 
100 1 |a Rougemont, Denis de,  |d 1906-1985. 
245 1 0 |a Dramatic personages /  |c Translated from the French by Richard Howard. 
264 1 |a New York :  |b Holt, Rinehart and Winston,  |c [1964] 
300 |a xii, 170 pages ;  |c 22 cm. 
336 |a text  |b txt  |2 rdacontent 
337 |a unmediated  |b n  |2 rdamedia 
338 |a volume  |b nc  |2 rdacarrier 
999 |a MARS 
999 f f |s ddd32c2e-d70c-3e40-bd66-e6490111aed0  |i 9d19ecae-b35a-330a-a5bb-e27c4fe6784b  |t 0 
952 f f |p ric  |a Texas A&M University  |b Rellis Campus  |c Joint Library Facility  |d Remote Storage  |t 0  |e PQ2635.O924 P43  |h Library of Congress classification  |i unmediated -- volume  |m A14801205600 
998 f f |a PQ2635.O924 P43  |t 0  |l Remote Storage